[Event "EU-ch 10th"]
[Site "Budva"]
[Date "2009.03.15"]
[Round "9"]
[White "Postny, Evgeny"]
[Black "Cvitan, Ognjen"]
[Result "1-0"]
[WhiteElo "2652"]
[BlackElo "2542"]
[Annotator "Postny,E"]
[PlyCount "99"]
[EventDate "2009.03.06"]
[EventType "swiss"]
[EventRounds "11"]
[EventCountry "MNE"]
[SourceTitle "CBM 130"]
[Source "ChessBase"]
[SourceDate "2009.05.20"]
[SourceVersion "1"]
[SourceVersionDate "2009.05.20"]
[SourceQuality "1"]

1. d4 Nf6 2. c4 e6 3. Nf3 b6 4. g3 Bb4+ 5. Bd2 Bxd2+ ({More common is the old
line} 5... a5 6. Bg2 O-O 7. O-O Ba6) 6. Qxd2 Ba6 7. b3 c6 8. Bg2 d5 9. O-O {
White should ignore the threat to take the Pc4 in order to bring the kingside
rook to c1.} O-O (9... dxc4 $6 10. Ne5 O-O 11. bxc4 $14) 10. Rc1 {The position
is similar to a Closed Catalan, just without dark-squared bishops. White
should be slightly better, but not more than that.} Nbd7 11. a4 c5 (11... Rc8
12. Na3 Qe7 13. Qb2 c5 14. Nb5 Nb8 15. Ne5 dxc4 16. bxc4 cxd4 17. Nxd4 (17.
Qxd4 $1 Rfd8 18. Qe3 $14) 17... Bb7 18. Bxb7 Qxb7 19. a5 Nbd7 20. Nxd7 Nxd7 21.
axb6 axb6 {1/2-1/2 Bronstein,D-Polugaevsky,L/Baku 1961/URS-ch}) 12. Na3 Bb7 13.
b4 $1 {The only way to keep pressing.} Rc8 {Ognjen Cvitan just made another
useful move, passing the decision about the central clinch into White's hands.
Now I had to decide which way to release the tension in the centre, there
being no more useful developing moves for White.} (13... Qe7 {was a worthy
alternative.}) 14. cxd5 ({Opening the b-file could bring no real dividends for
White:} 14. bxc5 bxc5 15. Rab1 Ba8 16. Nb5 Ne4 17. Qf4 cxd4 18. cxd5 Bxd5 19.
Rxc8 Qxc8 20. Rc1 Nec5 $1 {A clear "computer move", but that's modern chess!}
21. Qxd4 a6 22. Ne5 Bxg2 23. Nxd7 Qxd7 24. Rxc5 Bc6 25. Qxd7 Bxd7 $11) 14...
Bxd5 15. dxc5 $1 bxc5 16. b5 {The idea of this version of the exchange in the
centre is to create a potentially dangerous passed pawn on the queenside.
Meanwhile, I was hoping to target Black's c-pawn.} a6 {Trying to break White's
pawns chain.} (16... c4 17. Qb4 Qc7 18. Rc2 {and the c-pawn is more likely to
be a weakness rather than a strong trump.}) 17. a5 {[%csl Ga5]} (17. bxa6 Qb6
18. Qd3 Ra8 19. a5 Qxa6 20. Qxa6 Rxa6 21. Nc4 Bxc4 22. Rxc4 Rfa8 23. Rca4 Nd5
24. Nd2 $14) 17... Ne4 18. Qe1 axb5 19. Nxb5 Ra8 (19... c4 20. Nfd4 Ndc5 21.
Rd1 Qe7 22. a6 $16) 20. Nc3 {It was already possible to push the pawn forward,
but I was concerned that on a6 it might be lost, so I kept it on a5 where it
is well protected.} (20. a6 Nb8 (20... Qb6 21. Qa5 Rfb8 22. a7 $16) 21. a7 Nc6
22. Nd2 Nxd2 23. Qxd2 Qb6 24. Bxd5 exd5 25. Rab1 Nb4 26. Rxc5 Qxc5 27. Rxb4 $14
) 20... Nxc3 (20... Rxa5 $4 {would fall into a small trap.} 21. Rxa5 Qxa5 22.
Nxe4 Qxe1+ 23. Nxe1 $1 $18) ({An engine suggests here} 20... f5 $6 {the move
that unlikely to be considered by human player, as it weakens the kingside.})
21. Qxc3 Ra6 $6 {Not the best square for the rook.} ({After} 21... Ra7 {
I intended to continue} 22. Nd2 {with a comfortable position.}) 22. Bf1 Ra7 {
Admitting the inaccuracy made on the previous move.} 23. Nd2 Qa8 24. f3 Rc8 $2
({Now} 24... f5 {was already necessary. Black has to prevent e2-e4 and keep
his only active piece Bd5 in the center.}) 25. e4 Bb7 26. Nc4 {All Black's
pieces have been driven backwards, now White is in total control.} Qb8 27. Rcb1
Qc7 28. Nb6 $1 Rf8 (28... Nxb6 29. axb6 Rxa1 30. bxc7 Rxb1 31. Qd3 $18 {
[%cal Gd3d8,Gd3b1]}) (28... Rd8 29. Nxd7 Rxd7 30. a6 Ba8 31. Rc1 $18 {[%csl
Rc5]}) 29. Nxd7 Qxd7 30. Qxc5 $18 {So, White is a healthy pawn up without any
compensation from the opponent's side. Still, it's not yet easy to convert the
advantage into a full point since the a-pawn is securely blocked.} Ba6 31. Rd1
Qb7 32. Bg2 $5 {I wasn't sure whether to swap bishops or not. Normally, the
exchange of pieces favours the side with extra material. At last I decided to
leave the bishops on the board to keep my king better protected.} Qa8 33. Rd6
h6 34. h4 Rc8 35. Qd4 Bb5 36. Qb4 Ba6 37. Kh2 Rac7 38. Rad1 Rc2 39. R1d2 Kh7
40. Rd7 Rxd2 41. Qxd2 {My technique during the last few moves wasn't perfect
as usual, but the position is still too good to spoil it by an inaccuracy.} Kg8
42. Qf4 Rf8 43. Qe5 Rc8 44. g4 {I have to create a target on the kingside.} Rc2
{Active counterplay is Black's last chance. Otherwise, the march of White's
g-pawn will finish him off.} 45. Qd6 Kh7 46. Kg3 $2 {Immediatly after I made
this move I asked myself "wasn't 46.Kh3 much safer?". Of course, it was!} (46.
Kh3 $1 Bb5 47. Rxf7 Qxa5 48. Qe5 $18 {There is no check on e1, and that's it.})
46... Bb5 $1 47. Rxf7 Bf1 $2 {My experienced opponent missed something in his
calculations.} (47... Qxa5 {would force me to play precisely.} 48. Kh3 $1 {
I would have to admit my mistake!} (48. Qe5 {[%tqu "En","How should Black
continue?","","","c2g2","",3]} Rxg2+ $1 49. Kh3 {[%tqu "En","And now?","","",
"g2h2","",10]} Rh2+ $3 50. Qxh2 Kg8 $1 (50... Bf1+ 51. Kg3 Qe5+ 52. Rf4) 51.
Qc7 Bf1+ 52. Kg3 Qe1+ 53. Kf4 Qd2+ 54. Ke5 Qb2+ 55. Kd6 Qb4+ 56. Ke5 Qb2+ {
with a perpetual check. Incredible!}) (48. Qd4 e5 $1) (48. Qxe6 {[%tqu "En",
"How can Black save the game?","","","b5f1","This is the line where this idea
works!",10]} Bf1 $1 {This is the line where this idea works!} 49. Bxf1 Qe1+ {
The check on e1 reveals the main drawback of 46.Kg3.} 50. Kf4 Qd2+ 51. Kf5 Rc5+
52. e5 Qc2+ 53. Kf4 Qd2+ $11) (48. Qe7 Rxg2+ $1 49. Kxg2 Qd2+ 50. Kg3 Qe1+ 51.
Kf4 Qd2+ 52. Ke5 Qc3+ 53. Kxe6 Qc8+ 54. Ke5 Qc3+ 55. Kf4 Qc1+ 56. Kf5 Qc8+ 57.
Qe6 Qc3 $1 {Despite being a lot of material down, the game kept going as
white's king is wandering and might be in danger.}) 48... Bc4 49. Qc7 {Forcing
the exchange of queens. I believe that the resulting endgame is very tough for
Black and certainly unpleasant to defend.}) 48. Bxf1 Qxa5 49. Kh3 {Now the
white queen can join the defence and Black can simply resign.} Qa1 (49... Qe1
50. Bg2 Qg1 51. Qg3 $18) 50. Bg2 1-0

[Event "CRO-chT1A 26th"]
[Site "Mali Losinj"]
[Date "2017.09.28"]
[Round "1.41"]
[White "Postny, Evgeny"]
[Black "Ivanchuk, Vassily"]
[Result "1/2-1/2"]
[WhiteElo "2569"]
[BlackElo "2727"]
[Annotator "Postny,E"]
[PlyCount "160"]
[EventDate "2017.09.28"]
[EventType "team-tourn"]
[EventRounds "9"]
[EventCountry "CRO"]
[SourceTitle "CBM 181"]
[Source "ChessBase"]
[SourceDate "2017.11.10"]
[SourceVersion "1"]
[SourceVersionDate "2017.11.10"]
[SourceQuality "1"]
[WhiteTeam "Sesvete Sljeme"]
[BlackTeam "Zagreb"]
[WhiteTeamCountry "CRO"]
[BlackTeamCountry "CRO"]

1. d4 Nf6 2. c4 e6 3. Nf3 b6 {When you face Ivanchuk, absolutely any opening
is possible.} 4. g3 Ba6 5. Qc2 {I decided to go for an active line, rather
than the more dry 5.b3.} Bb4+ {Going for a side line.} ({The main line is:} 
5... c5 6. d5 exd5 7. cxd5 Bb7 8. Bg2 Nxd5 9. O-O {where White gets long term
compensation for the pawn.}) 6. Bd2 Be7 7. e4 d5 8. cxd5 Bxf1 9. Kxf1 exd5 10.
e5 {White has lost the right to castle, but gained some space in the centre.
The king will find a safe shelter on g2.} Ne4 {This line was quite common
about a decade ago, but nowadays is a rare guest in grandmaster practice.} 11.
Nc3 Nxd2+ (11... Nxc3 $6 12. bxc3 {The recapture by the bishop is also good,
but here White claims a serious advantage.} Qd7 13. h4 Nc6 (13... h6 14. Re1
Qe6 15. Ng1 $1 Nc6 16. Ne2 O-O-O 17. Nf4 Qg4 18. Kg2 g5 19. hxg5 Bxg5 20. Nh5
Bxd2 21. Qxd2 {1/2-1/2 (45) Bhat,V (2540)-Solomon,K (2368) Caleta 2010}) 14.
Ng5 Bxg5 (14... Nd8 15. Nxh7 Ne6 16. Kg2 c5 17. Ng5 Bxg5 18. hxg5 $16 {0-1 (50)
Rodshtein,M (2650)-Bartel,M (2594) Budva 2009}) 15. hxg5 O-O-O 16. Kg2 $16 {
1-0 (43) Hracek,Z (2638)-Petrik,T (2519) Czechia 2014}) 12. Qxd2 Nc6 13. Kg2
Qd7 14. Rac1 {A logical move, but not the most precise.} (14. Qd3 $1 Nd8 15.
Ne1 Ne6 16. f4 c5 17. Nc2 cxd4 18. Nxd4 Bc5 19. Nf3 $16 {1-0 (48) Chibukhchian,
A (2454)-Kalashian,D (2409) Yerevan 2013}) (14. Ne1 $6 {The immediate knight
transfer is too early in view of} f6 $132) 14... Nd8 {The knight is going to
e6.} (14... O-O 15. Qd3 Nd8 16. h4 h6 17. Ne1 Ne6 18. f4 c5 19. Nc2 $14) 15.
Nd1 {Transferring the knight to e3 and opening the c-file for the rook.} (15.
Ne1 {[%cal Gf2f4] was a more effective plan.}) 15... h5 16. h4 Ne6 17. Ne3 {
[%cal Ge3f5]} g6 18. Qd3 {Covering some light squares. If Black makes a
castles to the queenside, my queen can sneak to a6.} O-O 19. Ng1 $6 {The plan
f2-f4 is the most aggressive, but doesn't work here for concrete reasons.
Black is ready to meet it with a strike in the centre.} (19. Rhd1 {would have
been safer, completing the development. The position is approximately equal.})
19... Rad8 20. f4 c5 $1 {Now Black is starting to take over. I spent too many
tempi on those manoeuvres and my king is actually not very safe.} 21. Nf3 (21.
f5 Nxd4 $1 {I underestimated this when playing 19.Ng1. Black can sacrifice a
piece.} 22. f6 Rfe8 $1 {I was mainly concerned about 22...Nc6, but this move
is even stronger and was pointed out by Ivanchuk in the analysis after the
game.} (22... Nc6 23. fxe7 Qxe7 24. Nf3 Nxe5 25. Nxe5 Qxe5 {with a balanced
position, which I didn't like while calculating this line.}) 23. fxe7 Rxe7 24.
Nc2 Nc6 25. Nf3 Nxe5 26. Nxe5 Rxe5 27. Rhe1 Rxe1 28. Rxe1 d4 $15) 21... cxd4
22. Nc2 (22. Nxd4 Nxd4 23. Qxd4 Qb5 $15) 22... Nc5 23. Qf1 $6 {I wanted to put
the knight on d4, but only made things worse.} (23. Qxd4 Qb5 {is annoying for
White, but still it was better than what I played.}) 23... d3 24. Ncd4 Rc8 {
I can't get the d3-pawn.} 25. a3 a5 26. Rd1 Rfe8 27. Ne1 $6 (27. Qf2 $17) 27...
Qa4 28. Nef3 f6 $6 (28... Bf8 {would have been safer, keeping the advantage.})
29. Kh2 $6 (29. Rxd3 $1 {was a good practical chance.} fxe5 30. fxe5 Nxd3 31.
Qxd3 {with decent compensation.}) 29... fxe5 30. fxe5 Qd7 31. b4 $6 {I saw
that this is not good, but just didn't see any other reasonable idea.} axb4 32.
axb4 Ne4 33. Rxd3 Bxb4 {Basically Black has a pawn and compensation, but in
mutual time trouble anything can happen.} 34. Rg1 $1 {The position is bad, but
at least I will take my rook out of the corner.} Bc5 35. Rg2 Bxd4 $6 {There
was no reason to force matters.} (35... Qg4 {[%cal Ge8f8]} 36. Qb1 Ra8 37. Qb3
Red8 $19 {[%cal Ga8a3]}) 36. Rxd4 Rf8 (36... Rc3 {was more convincing.}) 37.
Qd1 Qf5 (37... Qe6 $17) 38. Qb3 {[%csl Rd5]} Rc5 $2 {Time trouble oversight.} (
38... Kh8 $1 39. Ng5 (39. Qxd5 $2 Nc3) 39... Rc1 40. Nxe4 Qf1 41. Kh3 dxe4 42.
Qb2 {and White is still alive.}) 39. Qxb6 {Vassily blundered and now my queen
hits g6 as well.} Rc3 40. Ng5 {Trying to simplify the position.} (40. Qb7 $1
Qe6 (40... Qf7 41. Qxf7+ Rxf7 42. Ng5 Nxg5 43. hxg5 $11) 41. Rxe4 $1 Rcxf3 (
41... dxe4 $2 42. Ng5 Rf7 43. Nxf7 Qxf7 44. Qxe4 $16) 42. Rd4 $11) 40... Nxg5
41. hxg5 Qxg5 42. Qe6+ $6 (42. Qa5 {was far more precise in order to grab the
d5-pawn with check.} Re3 43. Qxd5+ Kg7 44. e6 Qxd5 45. Rxd5 Rxe6 46. g4 $11)
42... Kg7 43. Qxd5 {[%tqu "En","What is the best move for Black?","","","f8f2",
"I overlooked this. Now I have to find only moves to survive.",5]} Rf2 $1 {
I overlooked this. Now I have to find only moves to survive.} 44. Qd7+ $2 {
This loses. The queen should have stayed in the centre where it controls
numerous important squares.} (44. Rd3 $1 Rxg2+ 45. Kxg2 Rc2+ 46. Kh1 $1 Qc1+
47. Rd1 Qe3 48. Rf1 Kh6 49. Qa8 $11) 44... Kh6 45. Rd3 Rxg2+ 46. Kxg2 Rc2+ 47.
Kh3 (47. Kf3 Qxe5 $19) 47... Qc1 48. Rd1 Qb2 49. Rh1 Qxe5 $2 {Vassily grabbed
the pawn quickly, which spoiled all of his efforts. The winning move wasn't
easy to spot, especially after five hours of a tense fight.} (49... Qb4 $3 {
was the only winning path. Now White's queen has to control the g4-square and
therefore can't create a threat of perpetual check. Meanwhile, the threat 50...
Qe4 is decisive.} 50. Qd1 Qe4 $19) 50. Qf7 {There is no win for Black anymore!}
Qc5 51. Re1 Rf2 52. Qe6 Rf3 53. Qe5 Qf8 54. Kg2 Rf7 55. Re2 Kh7 56. Qe4 {
Now I am fully consolidated and the pawn has little significance.} Qc5 57. Rc2
Qb6 58. Re2 Qf6 59. Kh2 Qf1 60. Qg2 Qf5 61. Qe4 Qf6 62. Qd5 h4 63. Qe4 hxg3+
64. Kxg3 Qa1 65. Qe5 {My pieces are well placed to protect the king and there
is also a counterthreat with Rh2+.} Qa3+ 66. Qe3 Qd6+ 67. Qe5 Qd3+ 68. Qe3 Qd8
69. Qe5 Qd3+ 70. Qe3 Qf5 71. Rh2+ Kg8 72. Rf2 Qd7 (72... Qxf2+ 73. Qxf2 Rxf2
74. Kxf2 $11) 73. Rxf7 Qxf7 74. Qf4 Qe7 75. Qc4+ Kg7 76. Qd4+ Kf7 77. Qf4+ Ke6
78. Qe4+ Kd7 79. Qxg6 Qd6+ 80. Qxd6+ Kxd6 1/2-1/2